00415 2200157 4500001002100000008004100021035002000062245004200082100003000124260002500154300002200179020002200201084001400223082000800237990001200245INLIS000000000002825 IND  a0010-0925000172 aRindu AyahcKolaborasi 24 Penulis Top aKolaborasi 24 Penulis Top aJakartabZettuc2013 a224c(13 x 19 cm) a978-602-7999-63-3 a813 PEN r a813 a0755047